Zlato a koření zrod obchodníka ve středověku

Guardado en:
Detalles Bibliográficos
Autor principal: Favier, Jean
Otros Autores: Dvořáková, Věra
Formato: Libro
Lenguaje:checo
Publicado: Praha Garamond 2006
Materias:
Etiquetas: Agregar Etiqueta
Sin Etiquetas, Sea el primero en etiquetar este registro!

MARC

LEADER 00000nam$a2200000$$$4500
001 0079906
005 20240313090632.7
020 |a 80-86955-39-7 
041 0 |a cze 
044 |a CZ 
245 1 0 |a Zlato a koření  |b zrod obchodníka ve středověku  |c Jean Favier ; přeložila: Věra Dvořáková 
264 1 |a Praha  |b Garamond  |c 2006 
300 |a 443 s. 
610 2 0 |a obchod 
610 2 0 |a vývoj 
610 2 0 |a história 
610 2 0 |a obchodní cestujúci 
610 2 0 |a obchodníci 
610 2 0 |a predaj 
610 2 0 |a cesty odbytové 
610 2 0 |a vzťahy obchodné 
610 2 0 |a trh 
610 2 0 |a konkurencia 
610 2 0 |a reklama 
610 2 0 |a cudzinci 
610 2 0 |a peniaze 
610 2 0 |a kapitál 
610 2 0 |a tovar 
610 2 0 |a priemysel 
610 2 0 |a úver 
610 2 0 |a banky 
610 2 0 |a riziko obchodné 
610 2 0 |a partneri obchodní 
610 2 0 |a moc politická 
610 2 0 |a majetok 
610 2 0 |a bohatstvo 
100 1 |a Favier, Jean 
700 1 |a Dvořáková, Věra